Antología de estudios etnolingüísticos y sociolingüísticos

Guardado en:
Detalles Bibliográficos
Autores principales: Garvin, Paul L (Autor), Lastra de Suárez, Yolanda (Autor)
Formato: Libro
Lenguaje:español
Publicado: Ciudad de México Universidad Nacional Autónoma 1974
Colección:Lecturas Universitarias, 20
Materias:
Etiquetas: Agregar Etiqueta
Sin Etiquetas, Sea el primero en etiquetar este registro!

MARC

LEADER 00000nam a2200000 a 4500
001 UCQ2422
003 CL-VaPUC
008 980724e19740000MX |||||||||||||||||spa|d
082 0 4 |a 306.44  |b GAR  |2 21 
100 |a Garvin, Paul L  |e author  |9 534555 
700 0 |a Lastra de Suárez, Yolanda  |e author  |9 416330 
245 1 0 |a Antología de estudios etnolingüísticos y sociolingüísticos 
300 |a 523 p 
942 |c BK 
945 |d 19980724 00:00:00  |a crobeson 
260 |a Ciudad de México  |b Universidad Nacional Autónoma  |c 1974 
650 0 |a Etnolingüística  |9 341076 
650 0 |a Sociolingüística  |9 263716 
650 0 |a Antropología cultural y social   |9 265143 
650 0 |a Comunicación   |9 257251 
650 0 |a Etnografía   |9 309735 
650 7 |a COMPORTAMIENTO LINGUISTICO  |2 CL-VaPUC  |9 336280 
650 0 |a Cambio lingüístico  |9 316396 
650 0 |a Lenguaje   |9 265069 
650 0 |a Lingüística  |9 265068 
583 |a last modification  |c 19980724 00:00:00  |k Rodrigo Vera 
490 0 |a Lecturas Universitarias, 20 
999 |c 273246  |d 273244 
952 |0 0  |1 0  |4 0  |6 306_440000000000000_GAR_1974  |7 0  |8 A  |9 308645  |a BIBEDU  |b BIBEDU  |d 2019-11-20  |i 1445383  |o 306.44 GAR 1974  |p 1445383  |r 2019-11-20  |w 2019-11-20  |y BK  |k LIT 
952 |0 0  |1 0  |4 0  |6 306_440000000000000_GAR_1974  |7 0  |8 A  |9 308646  |a BIBEDU  |b BIBEDU  |d 2019-11-20  |i 1448803  |o 306.44 GAR 1974  |p 1448803  |r 2019-11-20  |w 2019-11-20  |y BK  |k LIT 
952 |0 0  |1 0  |4 0  |6 306_440000000000000_GAR_1974  |7 0  |8 A  |9 308647  |a FDOPOS  |b FDOPOS  |d 2019-11-20  |i 4311698  |o 306.44 GAR 1974  |p 4311698  |r 2025-01-22  |w 2019-11-20  |y BK  |k MLA 
952 |0 0  |1 0  |4 0  |6 306_440000000000000_GAR_1974  |7 0  |8 A  |9 308648  |a FDOPOS  |b FDOPOS  |d 2019-11-20  |i 427203K  |o 306.44 GAR 1974  |p 427203K  |r 2025-01-22  |w 2019-11-20  |y BK  |k MLA 
952 |0 0  |1 0  |4 0  |6 306_440000000000000_GAR_1974  |7 0  |8 A  |9 308649  |a FDOPOS  |b FDOPOS  |d 2019-11-20  |i 4273818  |o 306.44 GAR 1974  |p 4273818  |r 2025-01-22  |w 2019-11-20  |y BK  |k MLA